Artists / Singers Chain #8 - Statistics

General Stats
  • This quiz has been taken 64 times
  • The average score is 15 of 38
Answer Stats
Answer Hint % Correct
Shakira Hips Don't Lie
93%
Shakira Illegal
93%
Eminem Stan
88%
Eminem River
88%
Lady Gaga Telephone
80%
Lady Gaga Just Dance
80%
Dido Stan
62%
Beyoncé Runnin' (Lose It All)
60%
Beyoncé Telephone
60%
Jason Derulo Swalla
48%
Jason Derulo Talk Dirty
48%
Ed Sheeran River
47%
Ed Sheeran Beautiful People
47%
Sam Smith Dancing with a Stranger
40%
Sam Smith La La La
40%
Wyclef Jean Sweetest Girl (Dollar Bill)
30%
Wyclef Jean Hips Don't Lie
30%
Akon Beautiful
27%
Akon Sweetest Girl (Dollar Bill)
27%
Khalid Beautiful People
27%
Khalid Love Lies
27%
Nicki Minaj Dumb Blonde
25%
Nicki Minaj Swalla
25%
Wiz Khalifa We Own It (Fast & Furious)
23%
Naughty Boy La La La
20%
Naughty Boy Runnin' (Lose It All)
20%
Colby O'Donis Just Dance
18%
Colby O'Donis Beautiful
18%
Normani Love Lies
18%
Normani Dancing with a Stranger
18%
Santana Illegal
18%
Santana Into the Night
18%
2 Chainz Talk Dirty
17%
2 Chainz We Own It (Fast & Furious)
17%
Chad Kroeger Into the Night
17%
Chad Kroeger Let Me Go
17%
Avril Lavigne Let Me Go
15%
Avril Lavigne Dumb Blonde
15%
No matching quizzes found
Score Distribution
Percent of People with Each Score
Percentile by Number Answered
Your Score History
You have not taken this quiz